000 00884cam a2200217 i 4500
005 20251108174737.0
008 250721s2008 jo gr 000 0 ara d
020 _a9789957323875
082 1 4 _a001.422
_bق ا ض
100 1 _aالقاضي، دلال
_eمؤلف.
245 1 0 _aSPSS منهجية و أساليب البحث العلمي و تحليل البيانات بإستخدام البرنامج الإحصائي /
_cإعداد د. دلال القاضي، د. محمود البياتي.
246 1 1 _amethodology & techniques of scientific research and data analysis using SPSS
250 _aالطبعة الأولى.
300 _a328 صفحة.
650 1 7 _aالأبحاث.
650 1 7 _aالبحث التطبيقي.
650 1 7 _aأساليب البحث.
700 1 _aالبياتي، محمود
_eمعد.
942 _2ddc
_cBK
999 _c116915
_d116915